[Event "18th Amber Blindfold"]
[Site "Nice FRA"]
[Date "2009.03.26"]
[Round "11"]
[White "Karjakin, Sergey"]
[Black "Ivanchuk, V."]
[Result "1-0"]
[WhiteElo "2706"]
[BlackElo "2779"]
[PlyCount "221"]
[EventDate "2009.03.14"]

1. d4 Nf6 2. c4 e6 3. Nf3 c5 4. d5 d6 5. Nc3 exd5 6. cxd5 g6 7. h3 a6 8. a4 Qe7
9. Bf4 Nbd7 10. e3 Bg7 11. Be2 O-O 12. O-O Ne8 13. Qc2 Ne5 14. a5 Nxf3+ 15.
Bxf3 Bd7 16. Na4 Bb5 17. Rfe1 Nf6 18. Nc3 Nd7 19. Qb3 Ne5 20. Nxb5 c4 21. Qb4
axb5 22. Be2 Qd7 23. e4 Rfe8 24. Bg3 h5 25. Ra3 Rac8 26. a6 bxa6 27. Rxa6 Rc5
28. Bf4 Qc8 29. Rb6 Nd7 30. Bxd6 Nxb6 31. Bxc5 Na4 32. Be3 Qd7 33. Bd1 Rxe4 34.
Bxa4 bxa4 35. Rd1 f5 36. Qb6 Kh7 37. d6 Re8 38. Bf4 c3 39. bxc3 a3 40. Qa5 Re4
41. Qc7 Qa4 42. Ra1 Rc4 43. Qe7 Re4 44. Qc7 Rc4 45. Rxa3 Qd1+ 46. Kh2 Qe2 47.
Ra7 Rxc7 48. dxc7 Qc4 49. Bd6 Qc6 50. c8=Q Qxc8 51. Be5 Qe6 52. Rxg7+ Kh6 53.
f4 h4 54. Rb7 g5 55. Rb8 Kg6 56. Rd8 Qc4 57. Rd6+ Kh5 58. fxg5 Kxg5 59. Rd4 Qc5
60. Bf4+ Kh5 61. Rd3 Qc4 62. Rf3 Qc5 63. Kh1 Kg6 64. Bh2 Kg5 65. Bg1 Qc4 66.
Be3+ Kg6 67. Bd4 Kg5 68. Re3 f4 69. Rf3 Qe2 70. Kh2 Kf5 71. Bc5 Qe6 72. Ba3 Qe1
73. Bd6 Kg6 74. c4 Qe6 75. c5 Qd5 76. Rxf4 Kh5 77. Rg4 Qe6 78. Rd4 Qd7 79. Re4
Qc6 80. Re6 Qa4 81. Rf6 Qc6 82. Rf8 Qe4 83. Rc8 Qd4 84. Rd8 Qe4 85. Rh8+ Kg5
86. Rc8 Qd5 87. Rd8 Kh5 88. Re8 Qc4 89. Rf8 Qd5 90. Rf6 Kg5 91. Rf4 Kh5 92. Rg4
Qc6 93. Kg1 Qd5 94. Kf2 Qd3 95. Kg1 Qd1+ 96. Kh2 Qd5 97. Rf4 Qc6 98. Rf5+ Kg6
99. Rf1 Kh5 100. Rc1 Kg5 101. Kh1 Kh5 102. Bh2 Kg6 103. Bg1 Kh5 104. Bf2 Kg5
105. Rc4 Qd5 106. Rg4+ Kf5 107. Rxh4 Qd2 108. Bg1 Qe1 109. Rg4 Ke6 110. Rd4 Kf5
111. c6 1-0

[Event "18th Amber Blindfold"]
[Site "Nice FRA"]
[Date "2009.03.26"]
[Round "11"]
[White "Topalov, V."]
[Black "Aronian, L."]
[Result "1/2-1/2"]
[WhiteElo "2796"]
[BlackElo "2750"]
[PlyCount "92"]
[EventDate "2009.03.14"]

1. d4 d5 2. c4 c6 3. Nf3 Nf6 4. Nc3 e6 5. Bg5 h6 6. Bxf6 Qxf6 7. e3 Nd7 8. Bd3
dxc4 9. Bxc4 g6 10. O-O Bg7 11. Rc1 O-O 12. Bb3 Qe7 13. Na4 Rd8 14. Qc2 Nf8 15.
Ne5 Bd7 16. Qc5 Qxc5 17. Nxc5 Rab8 18. f4 Be8 19. Rc2 Nh7 20. Rfc1 Nf6 21. a3
Bf8 22. g3 Kg7 23. Kg2 a5 24. Kf3 b6 25. Nxe6+ fxe6 26. Nxc6 a4 27. Nxd8 axb3
28. Rc7+ Kg8 29. Nxe6 g5 30. e4 Bd7 31. Nxf8 Bg4+ 32. Ke3 Re8 33. e5 Nd5+ 34.
Ke4 Nxc7 35. Rxc7 Rxf8 36. d5 Bf5+ 37. Kd4 Bh3 38. fxg5 Rf2 39. e6 Rd2+ 40. Ke5
Rxb2 41. Rb7 Rb1 42. e7 Re1+ 43. Kf6 Rf1+ 44. Ke5 Re1+ 45. Kf6 Rf1+ 46. Ke5
Re1+ 1/2-1/2

[Event "18th Amber Rapid"]
[Site "Nice FRA"]
[Date "2009.03.15"]
[Round "2"]
[White "Radjabov, T."]
[Black "Kramnik, V."]
[Result "1/2-1/2"]
[WhiteElo "2761"]
[BlackElo "2759"]
[PlyCount "51"]
[EventDate "2009.03.14"]

1. e4 e5 2. Nf3 Nf6 3. Nxe5 d6 4. Nf3 Nxe4 5. d4 d5 6. Bd3 Nc6 7. O-O Be7 8. c4
Nb4 9. cxd5 Nxd3 10. Qxd3 Qxd5 11. Re1 Bf5 12. g4 Bg6 13. Nc3 Nxc3 14. Qxc3 f6
15. Bf4 Kf7 16. h4 h5 17. Qxc7 Rhe8 18. Ng5+ fxg5 19. Bxg5 Kg8 20. Bxe7 Qxd4
21. gxh5 Bxh5 22. Qe5 Qg4+ 23. Qg3 Rac8 24. Qxg4 Bxg4 25. Bb4 Be2 26. Rac1
1/2-1/2

[Event "18th Amber Rapid"]
[Site "Nice FRA"]
[Date "2009.03.15"]
[Round "2"]
[White "Karjakin, Sergey"]
[Black "Topalov, V."]
[Result "1-0"]
[WhiteElo "2706"]
[BlackElo "2796"]
[PlyCount "91"]
[EventDate "2009.03.14"]

1. e4 e5 2. Nf3 Nf6 3. d4 Nxe4 4. Bd3 d5 5. Nxe5 Nd7 6. O-O Nxe5 7. dxe5 Nc5 8.
f4 g6 9. Be2 Bf5 10. Be3 c6 11. Nd2 Be7 12. Nf3 Ne6 13. Bd3 Bxd3 14. cxd3 d4
15. Bd2 Qd5 16. b4 a5 17. bxa5 Bd8 18. Rb1 Bxa5 19. Rxb7 O-O 20. f5 Bxd2 21.
Qxd2 Rxa2 22. Qh6 gxf5 23. Rfb1 c5 24. Rb8 Ra8 25. R8b6 Rfe8 26. h4 c4 27. Rd6
Qc5 28. Ng5 Nxg5 29. Qxg5+ Kf8 30. Qh6+ Kg8 31. e6 Rxe6 32. Rxe6 fxe6 33. Qg5+
Kh8 34. Qf6+ Kg8 35. Qxe6+ Kh8 36. Qf6+ Kg8 37. Rb7 Qf8 38. Qe6+ Kh8 39. Qe5+
Kg8 40. Qd5+ Kh8 41. Qxd4+ Kg8 42. Qxc4+ Kh8 43. Qd4+ Kg8 44. Qd5+ Kh8 45. Rf7
Ra1+ 46. Kf2 1-0

[Event "18th Amber Rapid"]
[Site "Nice FRA"]
[Date "2009.03.16"]
[Round "3"]
[White "Kramnik, V."]
[Black "Karjakin, Sergey"]
[Result "1/2-1/2"]
[WhiteElo "2759"]
[BlackElo "2706"]
[PlyCount "59"]
[EventDate "2009.03.14"]

1. d4 d5 2. c4 c6 3. Nf3 Nf6 4. e3 a6 5. Nc3 b5 6. b3 Bg4 7. Bd2 Nbd7 8. h3
Bxf3 9. Qxf3 b4 10. Na4 e5 11. Qd1 Ne4 12. Bd3 Nxd2 13. Qxd2 exd4 14. cxd5 cxd5
15. O-O Bd6 16. Bf5 Nf6 17. Qxd4 O-O 18. Rac1 g6 19. Bd3 a5 20. Rc6 Re8 21. Qb6
Qxb6 22. Nxb6 Rad8 23. Bb5 Re6 24. Rfc1 Kg7 25. Bd3 d4 26. exd4 Bf4 27. Rxe6
Bxc1 28. Rc6 Rxd4 29. Rxc1 Rxd3 30. Nc4 1/2-1/2

[Event "18th Amber Rapid"]
[Site "Nice FRA"]
[Date "2009.03.16"]
[Round "3"]
[White "Ivanchuk, V."]
[Black "Leko, P."]
[Result "1-0"]
[WhiteElo "2779"]
[BlackElo "2751"]
[PlyCount "117"]
[EventDate "2009.03.14"]

1. e4 e5 2. Nf3 Nc6 3. Bc4 Bc5 4. c3 Nf6 5. d3 a6 6. Nbd2 Ba7 7. h3 O-O 8. Bb3
d6 9. O-O h6 10. Re1 Re8 11. Nf1 Be6 12. N3h2 Bxb3 13. axb3 Qd7 14. Ng3 Ne7 15.
b4 c6 16. Ng4 Qe6 17. Be3 Bxe3 18. Nxe3 d5 19. exd5 Nexd5 20. Nc4 Nd7 21. Ne4
Nf4 22. Qf3 b5 23. Na5 f5 24. Nc5 Nxc5 25. bxc5 Nd5 26. Nb7 e4 27. dxe4 fxe4
28. Qg3 Nf6 29. Nd6 Re7 30. b4 Kh7 31. Qe3 Qe5 32. Ra3 Qh5 33. Qd4 Qg6 34. c4
bxc4 35. Qxc4 Re5 36. Rg3 Rg5 37. Rxg5 hxg5 38. Nxe4 Nxe4 39. Rxe4 a5 40. bxa5
Rxa5 41. Re5 Qf6 42. Qe4+ g6 43. Re6 Ra1+ 44. Kh2 Qf4+ 45. Qxf4 gxf4 46. Rxc6
Ra2 47. f3 Rc2 48. h4 Kg7 49. Rc8 Kf7 50. c6 Kg7 51. Kh3 Kf7 52. Rd8 Rxc6 53.
Rd4 Kg7 54. Rxf4 Rc5 55. Re4 Rb5 56. Kg4 Rc5 57. f4 Rb5 58. g3 Kf6 59. Re5 1-0

[Event "18th Amber Rapid"]
[Site "Nice FRA"]
[Date "2009.03.17"]
[Round "4"]
[White "Ivanchuk, V."]
[Black "Kamsky, G."]
[Result "1/2-1/2"]
[WhiteElo "2779"]
[BlackElo "2725"]
[PlyCount "118"]
[EventDate "2009.03.14"]

1. e4 e5 2. Nf3 Nc6 3. Bb5 a6 4. Ba4 Nf6 5. O-O Be7 6. Re1 b5 7. Bb3 d6 8. c3
O-O 9. h3 Nb8 10. d4 Nbd7 11. Nbd2 Bb7 12. Bc2 Re8 13. a4 Bf8 14. Bd3 c6 15. b3
g6 16. Qc2 Qb6 17. Bb2 Nh5 18. Bf1 Nf4 19. Rad1 exd4 20. cxd4 d5 21. Qc3 a5 22.
Qe3 Nh5 23. e5 Ba6 24. axb5 Bxb5 25. Ra1 Ng7 26. Ba3 Nf5 27. Qc3 c5 28. dxc5
Nxc5 29. Nd4 Bd7 30. e6 Bxe6 31. Nxf5 Bxf5 32. Bb2 f6 33. Rxe8 Rxe8 34. Qd4 Qd8
35. g4 Be4 36. Qxf6 Qxf6 37. Bxf6 Rb8 38. Be5 Bg7 39. Rxa5 Nxb3 40. Bxb8 Nxa5
41. Nxe4 dxe4 42. Bb5 Bd4 43. Kf1 Nb7 44. Bc6 Nc5 45. Ke2 Kg7 46. h4 h6 47. Bd6
Kf7 48. Bf4 Kg7 49. Bd2 Bf6 50. Be3 Ne6 51. Bd5 Nc7 52. Bxe4 Bxh4 53. f4 Bf6
54. Kd3 Ba1 55. Kc4 Ne8 56. Bf3 Nf6 57. Kc5 Bb2 58. Kd6 Kf7 59. Kc6 Ba1 1/2-1/2

[Event "18th Amber Rapid"]
[Site "Nice FRA"]
[Date "2009.03.17"]
[Round "4"]
[White "Aronian, L."]
[Black "Anand, V."]
[Result "1/2-1/2"]
[WhiteElo "2750"]
[BlackElo "2791"]
[PlyCount "64"]
[EventDate "2009.03.14"]

1. c4 c5 2. Nf3 Nf6 3. d4 cxd4 4. Nxd4 Nc6 5. g3 g6 6. Bg2 Bg7 7. O-O O-O 8.
Nc3 Nxd4 9. Qxd4 d6 10. Qd3 a6 11. Be3 Bf5 12. Qd2 Qd7 13. Bd4 Bh3 14. Bxh3
Qxh3 15. Bxf6 Bxf6 16. Nd5 Qf5 17. Qe3 e6 18. Nxf6+ Qxf6 19. Qb6 Qe5 20. b3
Qxe2 21. Rfd1 Qb2 22. Qxd6 a5 23. Qd4 Qa3 24. Rd3 a4 25. c5 axb3 26. Rxb3 Qa7
27. Rab1 Rac8 28. Rxb7 Qxc5 29. Qxc5 Rxc5 30. Ra7 Rfc8 31. Kg2 Rf5 32. Rb2 Rc3
1/2-1/2

[Event "18th Amber Rapid"]
[Site "Nice FRA"]
[Date "2009.03.17"]
[Round "4"]
[White "Leko, P."]
[Black "Carlsen, M."]
[Result "1/2-1/2"]
[WhiteElo "2751"]
[BlackElo "2776"]
[PlyCount "116"]
[EventDate "2009.03.14"]

1. d4 Nf6 2. c4 g6 3. g3 Bg7 4. Bg2 O-O 5. Nc3 c5 6. Nf3 cxd4 7. Nxd4 Qc7 8. b3
d5 9. O-O dxc4 10. Ncb5 Qb6 11. bxc4 a6 12. Nc3 Nbd7 13. Ba3 Qa5 14. Qb3 Re8
15. Rfd1 Rb8 16. Nd5 Nxd5 17. cxd5 Nc5 18. Qb4 Qxb4 19. Bxb4 Na4 20. Rac1 Be5
21. e4 Bd6 22. a3 Bd7 23. f4 Rbc8 24. e5 Bxb4 25. axb4 Nb2 26. Rxc8 Rxc8 27.
Rd2 Rc1+ 28. Kf2 Nd1+ 29. Ke2 Nc3+ 30. Ke3 Nd1+ 31. Kd3 Rc3+ 32. Ke2 Ne3 33.
Bf3 Ng4 34. h3 Ne3 35. Rd3 Rxd3 36. Kxd3 Nf5 37. g4 Nxd4 38. Kxd4 b6 39. Be2
Bc8 40. d6 exd6 41. exd6 Kf8 42. Kd5 Bb7+ 43. Ke5 Ke8 44. Bc4 a5 45. bxa5 bxa5
46. Bb5+ Kd8 47. h4 Bc8 48. f5 gxf5 49. gxf5 Bd7 50. Bc4 Ke8 51. Kf6 Kf8 52.
Bd5 a4 53. Bc4 a3 54. Bd5 Bc8 55. Bc4 Bd7 56. h5 h6 57. Bb3 Bc8 58. Bc4 Bd7
1/2-1/2

[Event "18th Amber Rapid"]
[Site "Nice FRA"]
[Date "2009.03.17"]
[Round "4"]
[White "Topalov, V."]
[Black "Morozevich, A."]
[Result "1-0"]
[WhiteElo "2796"]
[BlackElo "2771"]
[PlyCount "85"]
[EventDate "2009.03.14"]

1. e4 e5 2. Nf3 Nc6 3. Bb5 a6 4. Ba4 Nf6 5. O-O Be7 6. Re1 b5 7. Bb3 d6 8. c3
O-O 9. h3 Bb7 10. d4 Re8 11. Nbd2 Bf8 12. a3 h6 13. d5 Nb8 14. Nh2 c6 15. dxc6
Bxc6 16. Qf3 Nbd7 17. Ng4 a5 18. Ba2 Qe7 19. Nf1 Nxg4 20. hxg4 Nc5 21. g5 hxg5
22. Bxg5 Qb7 23. Ng3 a4 24. Rad1 Nb3 25. Nf5 Re6 26. Rd3 f6 27. Bc1 Kf7 28.
Qh5+ g6 29. Qh7+ Ke8 30. Qxg6+ Qf7 31. Qg4 Kd7 32. Qd1 Kc7 33. Bxb3 axb3 34.
Qxb3 Ra4 35. f3 Re7 36. Qxf7 Rxf7 37. Bh6 Bxh6 38. Nxh6 Rd7 39. Ng4 Rf7 40.
Red1 Bd7 41. Ne3 Ra6 42. Nd5+ Kd8 43. Nb4 1-0

[Event "18th Amber Rapid"]
[Site "Nice FRA"]
[Date "2009.03.19"]
[Round "5"]
[White "Morozevich, A."]
[Black "Karjakin, Sergey"]
[Result "0-1"]
[WhiteElo "2771"]
[BlackElo "2706"]
[PlyCount "136"]
[EventDate "2009.03.14"]

1. d4 Nf6 2. c4 e6 3. Nc3 Bb4 4. Qc2 d5 5. a3 Bxc3+ 6. Qxc3 Ne4 7. Qc2 c5 8.
dxc5 Nc6 9. e3 Qa5+ 10. Bd2 Nxd2 11. Qxd2 dxc4 12. Bxc4 Qxc5 13. Rc1 Qe7 14.
Nf3 O-O 15. b4 Rd8 16. Qb2 Bd7 17. b5 Na5 18. Be2 b6 19. Qb4 Qxb4+ 20. axb4 Nb7
21. Ne5 Nd6 22. Nc6 Bxc6 23. bxc6 a5 24. bxa5 bxa5 25. Bf3 Ra7 26. Ke2 Kf8 27.
Rc5 Rb8 28. Ra1 a4 29. Kd3 Ke7 30. Ra3 Rb2 31. Rc2 Rb4 32. Rc5 Kd8 33. Bd1 Kc7
34. f3 Kb6 35. Rc1 Nb5 36. Ra2 a3 37. Kd2 Rc7 38. Rac2 Rc8 39. Be2 Rd8+ 40. Ke1
Nc7 41. Ra2 Rb3 42. Kf2 Rd5 43. e4 Rc5 44. Rca1 Ra5 45. Rc1 g5 46. Bc4 Rb4 47.
Be2 Rb3 48. Bc4 Rc5 49. Bxb3 Rxc1 50. Rxa3 Rc3 51. Ke2 Nb5 52. Kd2 e5 53. c7
Kxc7 54. Ra7+ Kb6 55. Rxf7 Rxb3 56. Rxh7 Rb2+ 57. Ke3 Nd4 58. h4 Re2+ 59. Kd3
Rxg2 60. hxg5 Nxf3 61. Rf7 Nd4 62. Kc4 Rxg5 63. Kd5 Nc2 64. Rf6+ Kb5 65. Ke6
Kc5 66. Rf8 Kd4 67. Rf5 Rg6+ 68. Kf7 Ra6 0-1

[Event "18th Amber Rapid"]
[Site "Nice FRA"]
[Date "2009.03.19"]
[Round "5"]
[White "Kramnik, V."]
[Black "Topalov, V."]
[Result "1/2-1/2"]
[WhiteElo "2759"]
[BlackElo "2796"]
[PlyCount "107"]
[EventDate "2009.03.14"]

1. d4 Nf6 2. c4 e6 3. Nf3 d5 4. Nc3 dxc4 5. e3 a6 6. a4 c5 7. Bxc4 Nc6 8. O-O
Be7 9. dxc5 Qxd1 10. Rxd1 Bxc5 11. Bd2 b6 12. Bd3 Nb4 13. Be2 O-O 14. a5 b5 15.
Rdc1 Be7 16. Ne5 Rd8 17. Bf3 Rb8 18. Ne4 Nfd5 19. Nc5 Bf6 20. Bxd5 Rxd5 21.
Bxb4 Bxe5 22. e4 Rd8 23. Rd1 Re8 24. Nd3 Bf6 25. Bd6 Ra8 26. e5 Bd8 27. Nc5 f6
28. b4 fxe5 29. Bxe5 Ra7 30. Rac1 Rf7 31. Rd4 Be7 32. Rcd1 h6 33. f4 Kh7 34. h3
g5 35. fxg5 hxg5 36. Kh2 Kg6 37. R1d2 Rf1 38. Re2 Rc1 39. Nd3 Rc4 40. Ree4 Rxd4
41. Rxd4 Rd8 42. Rxd8 Bxd8 43. g4 Be7 44. Kg3 Bf8 45. Nc5 Be7 46. Kf3 Kf7 47.
Ke3 Kg6 48. Kf3 Bf8 49. Ke3 Be7 50. Kd4 Bf8 51. Ke4 Be7 52. Kd4 Bf8 53. Ke4 Be7
54. Kd4 1/2-1/2

[Event "18th Amber Rapid"]
[Site "Nice FRA"]
[Date "2009.03.19"]
[Round "5"]
[White "Carlsen, M."]
[Black "Aronian, L."]
[Result "0-1"]
[WhiteElo "2776"]
[BlackElo "2750"]
[PlyCount "196"]
[EventDate "2009.03.14"]

1. e4 e5 2. Nf3 Nc6 3. Bb5 a6 4. Ba4 Nf6 5. O-O Be7 6. Re1 b5 7. Bb3 O-O 8. a4
b4 9. d4 d6 10. dxe5 dxe5 11. Qxd8 Rxd8 12. Nbd2 h6 13. Bc4 Bd6 14. Nb3 Bb7 15.
Bd3 Bc8 16. Bc4 Bb7 17. h3 Kf8 18. Bd3 Bc8 19. Be3 Be6 20. Nfd2 Ke8 21. f3 Be7
22. Bc4 Bc8 23. Red1 Bb7 24. Bf2 Nd7 25. Bd3 Nf8 26. Nc4 Ne6 27. Nba5 Nxa5 28.
Nxa5 Bc8 29. Nc6 Rd6 30. Nxe5 Bf6 31. Nc4 Rd8 32. e5 Be7 33. Be4 Rxd1+ 34. Rxd1
Rb8 35. Bc6+ Kf8 36. Ba7 Bb7 37. Bxb8 Bc5+ 38. Kf1 Bxc6 39. b3 Ke8 40. Nb2 Bb6
41. Nc4 Bc5 42. h4 h5 43. Rd2 Ba8 44. Ke1 Bc6 45. Kd1 Bd7 46. Nb2 Be3 47. Re2
Bd4 48. Nd3 a5 49. Re4 Bb6 50. Nb2 Kd8 51. Nc4 Bc5 52. Nxa5 Kc8 53. Bxc7 Kxc7
54. Ke1 Bd4 55. Kf1 Kb6 56. Nc4+ Kc5 57. Nd6 Kd5 58. Nxf7 Be8 59. Nd6 Bg6 60.
Re2 Bc3 61. Ne4 Nf4 62. Nxc3+ bxc3 63. Rf2 Kxe5 64. Ke1 Kd4 65. a5 Kc5 66. Kd1
Kb5 67. g3 Ne6 68. Kc1 Kxa5 69. g4 Nf4 70. gxh5 Bxh5 71. Rf1 Kb4 72. Kb1 Kc5
73. Re1 Nd5 74. Rg1 g6 75. Rg3 Kd4 76. Rg1 Ne3 77. Kc1 Kc5 78. f4 Kd4 79. Rg3
Bg4 80. b4 Bf5 81. b5 Nxc2 82. b6 Nb4 83. Rg2 Nd3+ 84. Kd1 Nc5 85. Kc1 Kc4 86.
Re2 Nb3+ 87. Kd1 Bg4 88. b7 Bxe2+ 89. Kxe2 Nd4+ 90. Kd1 Kd3 91. b8=Q c2+ 92.
Ke1 c1=Q+ 93. Kf2 Qd2+ 94. Kg3 Nf5+ 95. Kh3 Qe3+ 96. Kg2 Qe2+ 97. Kh3 Qf3+ 98.
Kh2 Qf2+ 0-1

[Event "18th Amber Rapid"]
[Site "Nice FRA"]
[Date "2009.03.20"]
[Round "6"]
[White "Kramnik, V."]
[Black "Kamsky, G."]
[Result "1/2-1/2"]
[WhiteElo "2759"]
[BlackElo "2725"]
[PlyCount "91"]
[EventDate "2009.03.14"]

1. Nf3 Nf6 2. c4 g6 3. Nc3 d5 4. Qa4+ Nc6 5. Nd4 Qd7 6. cxd5 Nxd5 7. Nxd5 Qxd5
8. Nxc6 Qxc6 9. Qxc6+ bxc6 10. g3 Be6 11. Bg2 Bd5 12. e4 Bc4 13. d4 Bg7 14. Be3
c5 15. O-O-O cxd4 16. Bxd4 Bxd4 17. Rxd4 Bxa2 18. e5 Rb8 19. Ra4 Be6 20. Rxa7
O-O 21. Rxc7 Rb5 22. Re1 Rfb8 23. Re2 Kf8 24. f4 Ra5 25. Kb1 Rb4 26. Be4 Rba4
27. Kc2 Rb4 28. Rb7 Rd4 29. Rc7 Rb4 30. Bd3 Ra2 31. Kb1 Ra8 32. Rc3 Rab8 33.
Kc1 h5 34. Rf2 Kg7 35. Rc7 Kf8 36. f5 gxf5 37. Bxf5 Bb3 38. Bb1 Be6 39. Bf5 Bb3
40. Bg6 Rd8 41. Bc2 Be6 42. Rc5 h4 43. Rf4 hxg3 44. hxg3 Rb6 45. Rh4 Kg7 46.
Rc7 1/2-1/2

[Event "18th Amber Rapid"]
[Site "Nice FRA"]
[Date "2009.03.20"]
[Round "6"]
[White "Karjakin, Sergey"]
[Black "Aronian, L."]
[Result "0-1"]
[WhiteElo "2706"]
[BlackElo "2750"]
[PlyCount "132"]
[EventDate "2009.03.14"]

1. e4 e5 2. Nf3 Nc6 3. Bb5 Nf6 4. O-O Nxe4 5. d4 Nd6 6. Bxc6 dxc6 7. dxe5 Nf5
8. Qxd8+ Kxd8 9. Nc3 h6 10. h3 Bd7 11. b3 a5 12. Bb2 Kc8 13. Rad1 Bb4 14. Ne4
Be6 15. c3 Be7 16. g4 Bd5 17. Rfe1 Nh4 18. Nxh4 Bxh4 19. c4 Be6 20. Nc5 b6 21.
Nxe6 fxe6 22. Re3 Rf8 23. f3 Be7 24. Kg2 a4 25. Red3 axb3 26. axb3 Ra2 27. R1d2
Bg5 28. Rf2 Bh4 29. Re2 c5 30. Kf1 Kb7 31. Bc3 Ra3 32. Bb2 Raa8 33. Bc3 Kc6 34.
Kg2 Ra3 35. Be1 Rd8 36. Rxd8 Bxd8 37. Rb2 Bg5 38. Bc3 Bf4 39. h4 b5 40. cxb5+
Kxb5 41. h5 Kc6 42. Be1 Bxe5 43. Rb1 Kd5 44. Bg3 Bd6 45. f4 Ra2+ 46. Kf3 Rd2
47. Ke3 Rd4 48. Ra1 Re4+ 49. Kf3 Rb4 50. Rd1+ Rd4 51. Re1 Rd3+ 52. Re3 c4 53.
bxc4+ Kxc4 54. Bf2 Kd4 55. g5 c5 56. gxh6 gxh6 57. f5 exf5 58. Rxd3+ Kxd3 59.
Bxc5 Bxc5 60. Kf4 Ke2 61. Kxf5 Kf3 62. Kg6 Be3 63. Kf5 Bf4 64. Kf6 Kg4 65. Ke6
Kxh5 66. Kf5 Bg5 0-1

[Event "18th Amber Rapid"]
[Site "Nice FRA"]
[Date "2009.03.21"]
[Round "7"]
[White "Kamsky, G."]
[Black "Radjabov, T."]
[Result "1-0"]
[WhiteElo "2725"]
[BlackElo "2761"]
[PlyCount "121"]
[EventDate "2009.03.14"]

1. e4 c5 2. Nf3 Nc6 3. d4 cxd4 4. Nxd4 e5 5. Nb5 d6 6. c4 Be7 7. N1c3 a6 8. Na3
f5 9. exf5 Bxf5 10. Bd3 Be6 11. Nc2 Nf6 12. O-O O-O 13. b3 Qd7 14. Bg5 Rae8 15.
Qd2 Nh5 16. Be4 Bxg5 17. Qxg5 Nf4 18. Rad1 Rf6 19. Rd2 Ne7 20. Ne3 Nf5 21. Nxf5
Bxf5 22. Bxf5 Rxf5 23. Qg4 Ref8 24. Ne4 Qc6 25. Re1 d5 26. Ng3 R5f6 27. cxd5
Nxd5 28. Qe4 Nf4 29. Rc2 Qb6 30. Qe3 Qb4 31. Rd1 Rd6 32. Rxd6 Qxd6 33. Rd2 Qc6
34. f3 Re8 35. h3 Nd5 36. Qe1 Nf6 37. Re2 Qd6 38. Kh2 e4 39. Kh1 e3 40. Nf5 Qf4
41. Rxe3 Rd8 42. Ng3 h6 43. Re7 b5 44. Nf1 Qd6 45. a4 bxa4 46. bxa4 Qd1 47.
Qe6+ Kh8 48. Qxa6 Nh5 49. Kh2 Nf4 50. Ne3 Qd2 51. Qb5 Ng6 52. Re8+ Kh7 53. Rxd8
Qxd8 54. Qb1 Qd4 55. Qe4 Qd6+ 56. Kh1 Kh8 57. Nd5 Ne5 58. a5 Nd7 59. a6 Nc5 60.
a7 Qa6 61. Qe8+ 1-0

[Event "18th Amber Rapid"]
[Site "Nice FRA"]
[Date "2009.03.22"]
[Round "8"]
[White "Karjakin, Sergey"]
[Black "Kamsky, G."]
[Result "1-0"]
[WhiteElo "2706"]
[BlackElo "2725"]
[PlyCount "103"]
[EventDate "2009.03.14"]

1. e4 e5 2. Nf3 Nc6 3. Bb5 a6 4. Ba4 Nf6 5. O-O Be7 6. Re1 b5 7. Bb3 d6 8. c3
O-O 9. h3 Nb8 10. d4 Nbd7 11. Nbd2 Bb7 12. Bc2 Re8 13. Nf1 Bf8 14. Ng3 g6 15.
Bg5 Bg7 16. Qd2 Qe7 17. b3 c6 18. Rad1 Qf8 19. a4 Rad8 20. Qc1 h6 21. Be3 Kh7
22. b4 Re7 23. axb5 cxb5 24. d5 Rc8 25. Qa3 Qd8 26. Rc1 Nb6 27. Nd2 h5 28. Bd3
Bh6 29. Bxh6 Kxh6 30. c4 bxc4 31. Bxc4 Nxc4 32. Nxc4 Rec7 33. Qe3+ Kh7 34. Na5
Rxc1 35. Rxc1 Rxc1+ 36. Qxc1 Qb6 37. Qg5 Ng8 38. Qc1 Ne7 39. Nf1 Bc8 40. Nc6
Qc7 41. Qc4 Nxc6 42. dxc6 Kg7 43. Ne3 Qd8 44. Nd5 Qg5 45. Qc3 Qh4 46. Qe3 Be6
47. c7 f5 48. Qa7 Kh6 49. Qb8 Qxe4 50. Qh8+ Kg5 51. Qf6+ Kh6 52. Qxe6 1-0

[Event "18th Amber Rapid"]
[Site "Nice FRA"]
[Date "2009.03.22"]
[Round "8"]
[White "Topalov, V."]
[Black "Carlsen, M."]
[Result "1/2-1/2"]
[WhiteElo "2796"]
[BlackElo "2776"]
[PlyCount "55"]
[EventDate "2009.03.14"]

1. d4 Nf6 2. c4 e6 3. Nf3 d5 4. Nc3 Be7 5. Bg5 h6 6. Bxf6 Bxf6 7. e3 O-O 8. Rc1
c6 9. Bd3 Nd7 10. O-O a6 11. a3 b5 12. cxd5 cxd5 13. Bb1 Bb7 14. Ne2 e5 15.
dxe5 Nxe5 16. Nxe5 Bxe5 17. Nd4 Qf6 18. Qg4 Rac8 19. Qd7 Rb8 20. Nc6 Bxc6 21.
Rxc6 Rfd8 22. Rxf6 Rxd7 23. Rxa6 Bxb2 24. Rd1 d4 25. h4 Rbd8 26. exd4 Rxd4 27.
Rxd4 Bxd4 28. Be4 1/2-1/2

[Event "18th Amber Rapid"]
[Site "Nice FRA"]
[Date "2009.03.22"]
[Round "8"]
[White "Morozevich, A."]
[Black "Ivanchuk, V."]
[Result "1/2-1/2"]
[WhiteElo "2771"]
[BlackElo "2779"]
[PlyCount "85"]
[EventDate "2009.03.14"]

1. d4 Nf6 2. c4 e6 3. Nc3 d5 4. cxd5 exd5 5. Bg5 c6 6. e3 Be7 7. Bd3 O-O 8. Qc2
Nbd7 9. Nf3 Re8 10. O-O-O Nf8 11. Kb1 Ne4 12. Bxe4 Bxg5 13. Bf5 Bf6 14. g4 g6
15. Bxc8 Rxc8 16. h4 Ne6 17. h5 c5 18. hxg6 hxg6 19. Qb3 cxd4 20. Nxd4 Nxd4 21.
exd4 Qd7 22. Nxd5 Bg7 23. Qf3 Rc6 24. Rhe1 Rxe1 25. Rxe1 Re6 26. Rc1 Rc6 27.
Rxc6 bxc6 28. Nc3 Bxd4 29. Ne4 c5 30. Qe2 a5 31. f3 a4 32. a3 Qb7 33. Nd6 Qb3
34. Nc4 Kg7 35. f4 Qb7 36. f5 gxf5 37. gxf5 Kf6 38. Qc2 Qh1+ 39. Ka2 Qc6 40. b3
axb3+ 41. Kxb3 Qf3+ 42. Ka2 Qxf5 43. Qxf5+ 1/2-1/2

[Event "18th Amber Rapid"]
[Site "Nice FRA"]
[Date "2009.03.24"]
[Round "9"]
[White "Aronian, L."]
[Black "Morozevich, A."]
[Result "1-0"]
[WhiteElo "2750"]
[BlackElo "2771"]
[PlyCount "71"]
[EventDate "2009.03.14"]

1. Nf3 d5 2. d4 Nf6 3. c4 e6 4. g3 dxc4 5. Bg2 a6 6. O-O Nc6 7. e3 Bd7 8. Qe2
b5 9. Rd1 Bb4 10. b3 cxb3 11. axb3 O-O 12. e4 Ne7 13. Ne5 Nc6 14. Bg5 Be7 15.
Nxd7 Qxd7 16. d5 exd5 17. Nc3 Rae8 18. Bxf6 Bxf6 19. Nxd5 Bd4 20. Qc2 f5 21. e5
f4 22. Nf6+ Rxf6 23. exf6 Nb4 24. Qd2 c5 25. Re1 Rf8 26. Re7 Qf5 27. fxg7 fxg3
28. gxf8=Q+ Kxf8 29. Re2 gxf2+ 30. Kh1 Nd3 31. Qh6+ Kf7 32. Rf1 Ne5 33. Qh4 Ng4
34. h3 Nf6 35. Rexf2 Bxf2 36. Rxf2 1-0

[Event "18th Amber Rapid"]
[Site "Nice FRA"]
[Date "2009.03.24"]
[Round "9"]
[White "Kamsky, G."]
[Black "Wang Yue"]
[Result "1/2-1/2"]
[WhiteElo "2725"]
[BlackElo "2739"]
[PlyCount "44"]
[EventDate "2009.03.14"]

1. d4 Nf6 2. Nf3 e6 3. Bg5 d5 4. e3 h6 5. Bh4 Be7 6. c4 O-O 7. Nc3 Ne4 8. Bg3
Bb4 9. Rc1 c5 10. cxd5 exd5 11. Bd3 Nc6 12. O-O Bxc3 13. bxc3 Bg4 14. dxc5 Qa5
15. c4 Nxg3 16. hxg3 d4 17. exd4 Nxd4 18. Bh7+ Kxh7 19. Qxd4 Bxf3 20. gxf3 Rac8
21. Rc2 Kg8 22. Qd5 b6 1/2-1/2

[Event "18th Amber Rapid"]
[Site "Nice FRA"]
[Date "2009.03.24"]
[Round "9"]
[White "Ivanchuk, V."]
[Black "Kramnik, V."]
[Result "1/2-1/2"]
[WhiteElo "2779"]
[BlackElo "2759"]
[PlyCount "129"]
[EventDate "2009.03.14"]

1. c4 Nf6 2. Nc3 e5 3. Nf3 Nc6 4. g3 d5 5. cxd5 Nxd5 6. Bg2 Nb6 7. O-O Be7 8.
d3 O-O 9. Be3 Be6 10. Rc1 f6 11. a3 Nd4 12. Ne4 Bb3 13. Qd2 Nxf3+ 14. Bxf3 Bd5
15. Qc2 c6 16. Nd2 Kh8 17. Rfd1 f5 18. b4 Bg5 19. Bxg5 Qxg5 20. a4 Qe7 21. a5
Bxf3 22. Nxf3 e4 23. dxe4 fxe4 24. Nd2 e3 25. axb6 exd2 26. Rxd2 axb6 27. Rd4
Rae8 28. e3 Rf7 29. Qd3 b5 30. Rd1 h6 31. Rd2 Ref8 32. f4 b6 33. Rd6 Rf6 34.
Kf2 Re8 35. Rxf6 Qxf6 36. Qd7 Qg6 37. f5 Qh5 38. h4 Re5 39. e4 Rxe4 40. f6 gxf6
41. Qxc6 Qf5+ 42. Kg2 Re7 43. Qxb6 Kg7 44. Rf2 Qe5 45. Kh2 Re6 46. Qb7+ Re7 47.
Qc6 Re6 48. Qd7+ Re7 49. Qg4+ Kh7 50. Kh3 h5 51. Qf3 Kg7 52. Kh2 Qd4 53. Qf5
Re1 54. Qf3 Re7 55. Kh3 Qe5 56. Qc6 Qe6+ 57. Qxe6 Rxe6 58. Rf5 Kg6 59. Rxb5 Re2
60. Rb8 Rb2 61. b5 Kg7 62. b6 f5 63. b7 Kh7 64. Rf8 Rxb7 65. Rxf5 1/2-1/2

[Event "18th Amber Rapid"]
[Site "Nice FRA"]
[Date "2009.03.24"]
[Round "9"]
[White "Carlsen, M."]
[Black "Karjakin, Sergey"]
[Result "1-0"]
[WhiteElo "2776"]
[BlackElo "2706"]
[PlyCount "123"]
[EventDate "2009.03.14"]

1. d4 d5 2. c4 c6 3. Nf3 Nf6 4. Nc3 e6 5. Bg5 h6 6. Bxf6 Qxf6 7. e3 Nd7 8. Bd3
dxc4 9. Bxc4 g6 10. O-O Bg7 11. e4 e5 12. d5 Nb6 13. Bb3 Bg4 14. Rc1 O-O 15. h3
Bxf3 16. Qxf3 Qxf3 17. gxf3 Rfd8 18. Rfd1 Bf6 19. dxc6 bxc6 20. Rxd8+ Rxd8 21.
Nd1 Rd6 22. Rc5 Kf8 23. Kf1 h5 24. Ne3 Ke7 25. Ke2 Bg7 26. Nc2 Bh6 27. Ra5 Rd7
28. Rxe5+ Kd6 29. Ra5 Bg7 30. f4 Bxb2 31. e5+ Ke7 32. Nb4 Kf8 33. Nxc6 Bc1 34.
Kf3 Rc7 35. Rc5 Ba3 36. Rc2 Nc8 37. Ke4 Kg7 38. Bxf7 Kxf7 39. Nd8+ Ke8 40. Rxc7
Kxd8 41. Rc3 Bb4 42. Rd3+ Ke7 43. f5 gxf5+ 44. Kxf5 a5 45. f4 Nb6 46. Rg3 Nd5
47. a3 Be1 48. Rd3 Nc3 49. e6 a4 50. Rd7+ Ke8 51. Rd4 Ke7 52. Ke5 Nb5 53. Rxa4
Bc3+ 54. Kd5 Nc7+ 55. Kc4 Bf6 56. Ra7 Kd6 57. f5 Ne8 58. Rd7+ Ke5 59. Rd5+ Ke4
60. a4 Nc7 61. Rd7 Ne8 62. e7 1-0